Statistics for JetPunk Country Type-ins: Solomon Islands type-ins

Click here to take the quiz!

General Stats

  • This quiz has been taken 41 times
  • The average score is 9 of 23

Answer Stats

SOLOMON ISLANDS % Correct
soloman islands
82%
solamon islands
76%
solomen islands
61%
solaman islands
58%
solemon islands
58%
solimon islands
55%
solemen islands
52%
soleman islands
48%
soliman islands
48%
solamen islands
45%
solimen islands
42%
the solomon islands
39%
the soloman islands
30%
the solimon islands
30%
the solamon islands
27%
the solemen islands
27%
the solemon islands
27%
the solamen islands
24%
the soleman islands
24%
the soliman islands
24%
the solomen islands
24%
the solaman islands
24%
the solimen islands
21%

Score Distribution

Percentile by Number Answered

Percent of People with Each Score

Your Score History

You have not taken this quiz